000 00580nam a2200229Ia 4500
003 OSt
005 20221006164435.0
006 a|||||r|||| 00| 0
007 ta
008 221006b |||||||| |||| 00| 0 eng d
024 _a960
037 _cTextual
040 _aFML
_cFML
_beng
041 _2eng
_aeng
082 _aY:1.4, K5
100 _aHarbert Jean Au.
_9677492
245 0 _aAn Introduction to Asia
260 _aLondon
_bAllen & Unwin
_c1965
300 _a416
_ccm.
942 _hY:1.4, K5
_cTEXL
_2CC
999 _c1117278
_d1117278